000
00326nam a2200109Ia 4500
008
171211s9999 xx 000 0 und d
245
_a
190 Ready-to-Use Activities That Make Math Fun!
245
_c
George Watson
260
_c
2003
650
_x
Family and Friendship
856
_u
http://down.ebook777.com/065/9780787965853.pdf
999
_c
350271
_d
350271